The Unforgiven - Metallica - Statistics

General Stats
  • This quiz has been taken 10 times
  • The average score is 17 of 29
Answer Stats
Lyrics Fill in the blank % Correct
New blood joins this _____ earth
88%
What I've _____ known
88%
What I've _____, known
88%
The young man struggles __ and __, he's known on
88%
Never shined through in what I've _____ shown
88%
Never shined through in what I've _____ shown
88%
What I've ____, felt
75%
What I've ____, felt
75%
The young boy learns their _____ rules
75%
Deprived of all his ______ thoughts
75%
Won't see what might have ____ been
63%
They dedicate their _____ lives
63%
Never __ me
63%
That old man here is __, yeah me
63%
Never be, never __ see
63%
And quickly he's _______ subdued
63%
Ooh, a vow onto his own, that never from ____ ___ this day
63%
So I dub thee ________ unforgiven
63%
This ________ boy done wrong whipping
63%
With time the child _____ __ draws in
50%
A tired man they see no _____ cares longer
50%
To _______ out of here running
50%
This _____ man he is bitter
38%
Never _____, free
38%
The old man prepares to die _________ regretfully
38%
He tries to ______ ____ ___ please them all
25%
His will they'll take away, ____ yeah
25%
Through constant ______ ________ pained disgrace
13%
Throughout his life ___ _____ the same
13%
No matching quizzes found
Score Distribution
Percent of People with Each Score
Percentile by Number Answered
Your Score History
You have not taken this quiz